Music Quiz

Random Music or Lyrics Quiz

Cheeseburger in Paradise Quiz Stats

 Plays Quiz Updated Nov 13, 2012

Score 0/6 Timer 02:00
0 Plays Today
'I like mine with...' % Correct
...and Tomatoes
92.8%
Lettuce
91.7%
Heinz 57
84.9%
Big Kosher Pickle
80.2%
...and French Fried Potatoes
63.6%
Cold Draft Beer
47.6%

You're not logged in!

Compare scores with friends on all Sporcle quizzes.
OR
Log In

Sporcle TV

Today on Sporcle TV


Watch our educational content, quiz creation guides, and fun videos on Sporcle TV.

Show Comments

Extras

Top Quizzes Today


Score Distribution

Your Account Isn't Verified!

In order to create a playlist on Sporcle, you need to verify the email address you used during registration. Go to your Sporcle Settings to finish the process.

Report this User

Report this user for behavior that violates our Community Guidelines.

Details: